L'information économique aujourd'hui. Marché et institutions.
Vzájomné prepojenie trhu a verejných inštitúcií, ich spoločné úlohy v oblasti rozširovania ekonomickej informácie. Analýza požiadaviek na oblasť informatiky a ich vývoj. Rast dopytu po včasných a presných informáciách. Pomer medzi dopytom a ponukou. Výrobný, komerčný a výmenný charakter informácie....
Na minha lista:
| Autor principal: | |
|---|---|
| Formato: | Capítulo de Livro |
| Idioma: | francês |
| Assuntos: | |
| Tags: |
Sem tags, seja o primeiro a adicionar uma tag!
|
MARC
| LEADER | 00000naa a2200000 4500 | ||
|---|---|---|---|
| 001 | r011333 | ||
| 005 | 20220913125318.2 | ||
| 041 | 0 | |a fre | |
| 044 | |a FR | ||
| 245 | 1 | 0 | |a L'information économique aujourd'hui. |b Marché et institutions. |c G. Maarek |
| 520 | |a Vzájomné prepojenie trhu a verejných inštitúcií, ich spoločné úlohy v oblasti rozširovania ekonomickej informácie. Analýza požiadaviek na oblasť informatiky a ich vývoj. Rast dopytu po včasných a presných informáciách. Pomer medzi dopytom a ponukou. Výrobný, komerčný a výmenný charakter informácie. Kvalita ekonomickej informácie a jej použiteľnosť. | ||
| 610 | 2 | 0 | |a informácie hospodárske |
| 610 | 2 | 0 | |a dopyt |
| 610 | 2 | 0 | |a ponuka |
| 610 | 2 | 0 | |a trh |
| 610 | 2 | 0 | |a teória informácií |
| 610 | 2 | 0 | |a tok informácií |
| 610 | 2 | 0 | |a štatistika |
| 610 | 2 | 0 | |a systémy informačné |
| 610 | 2 | 0 | |a úrady štatistické |
| 610 | 2 | 0 | |a Francúzsko |
| 100 | 1 | |a Maarek, G. | |